|
|
|
|
| LEADER |
01329nam a2200433 4500 |
| 001 |
DLU120136576 |
| 005 |
##20120614 |
| 008 |
##100224s2008 ko a 000 0 eng d |
| 010 |
# |
# |
|a 2010384809
|
| 020 |
# |
# |
|a 8973750437
|
| 020 |
# |
# |
|a 9788973750436
|
| 035 |
# |
# |
|a (OCoLC)ocn299755861
|
| 040 |
# |
# |
|a CUS
|c CUS
|d DLC
|
| 042 |
# |
# |
|a lccopycat
|
| 043 |
# |
# |
|a a-ko---
|
| 050 |
# |
# |
|a DS917
|b .K66425 2008
|
| 082 |
# |
# |
|a 915.19
|b KOR
|
| 245 |
# |
# |
|a Korea, impossible to possible.
|
| 246 |
# |
# |
|a Korea
|
| 250 |
# |
# |
|a 2008 ed.
|
| 260 |
# |
# |
|a Seoul, Republic of Korea :
|b Korean Culture and Information Service, Ministry of Culture, Sports and Tourism,
|c 2008.
|
| 300 |
# |
# |
|a 255 p. :
|b ill. (some col.), ports. (chiefly col.) ;
|c 24 cm.
|
| 500 |
# |
# |
|a Subtitle on cover: The 60th anniversary of the Republic of Korea, 1948-2008, national growth seen from abroad.
|
| 651 |
# |
# |
|a Korea (South)
|x Civilization.
|
| 651 |
# |
# |
|a Korea (South)
|x Economic conditions.
|
| 651 |
# |
# |
|a Korea (South)
|x Foreign relations.
|
| 651 |
# |
# |
|a Korea (South)
|x History.
|
| 710 |
# |
# |
|a Haeoe Hongbowŏn (Korea)
|
| 923 |
# |
# |
|a 01/2012DP
|
| 991 |
# |
# |
|a GT
|
| 992 |
# |
# |
|a 0
|
| 994 |
# |
# |
|a KDP
|
| 900 |
# |
# |
|a True
|
| 911 |
# |
# |
|a Đào Thị Thu Huyền
|
| 925 |
# |
# |
|a G
|
| 926 |
# |
# |
|a A
|
| 927 |
# |
# |
|a SH
|
| 980 |
# |
# |
|a Thư viện Trường Đại học Đà Lạt
|